| 000 | 00706nam a2200217Ia 4500 | ||
|---|---|---|---|
| 001 | 11548 | ||
| 003 | GE_BSU | ||
| 008 | 181216s||||||||xx |||||||||||||| ||und|| | ||
| 040 | _cGE_BSU | ||
| 080 | _a37(031) | ||
| 245 | _aПедагогическая энциклопедиа. | ||
| 245 | _b3.Н-СМ. | ||
| 245 | _cГл.ред:И.А.Каиров; Петров Ф.Н; А.И.Боготолов и др. | ||
| 260 | _aМосква. | ||
| 260 | _bСоветская энциклопедия. | ||
| 260 | _c1966. | ||
| 300 | _a879с;27см. | ||
| 520 | _aЭнциклопедия.словари(Справочники.) | ||
| 653 | _aПедагогическая энциклопедиа. | ||
| 942 | _cBK | ||
| 999 |
_c44743 _d44743 |
||